Avantgardní architektura /

Na minha lista:
Detalhes bibliográficos
Main Authors: Teige, Karel (Author), Kroha, Jiří (Author), Císařovský, Josef (Author, Editor)
Formato: Livro
Idioma:tcheco
Publicado em: Praha : Československý spisovatel, 1969
Edição:1. vydanie
Assuntos:
Tags: Adicionar Tag
Sem tags, seja o primeiro a adicionar uma tag!

MARC

LEADER 00000nam a22000003a 4500
001 0082760
003 SK-STU
005 20200807153002.1
007 ta
008 200807s ----xo-----e------000-0-----d
040 |a STU  |b slo 
041 0 |a cze 
044 |a xr 
100 1 |a Teige, Karel  |4 aut 
245 1 0 |a Avantgardní architektura /  |c aut. Karel Teige, Jiří Kroha 
250 |a 1. vydanie 
260 |a Praha :  |b Československý spisovatel,  |c 1969 
300 |a 212 s. + 32 s. obr. 
650 0 7 |a architektúra sovietska 
650 0 7 |a bývanie 
650 0 7 |a avantgarda 
700 1 |a Kroha, Jiří  |4 aut 
700 1 |a Císařovský, Josef  |4 edt  |4 aut 
996 |b 284AU08464  |c A* 11724/U  |l AAKNAR  |s A  |a 24  |w 0082760_0001